ا کیسو ی صد ی کے سماجی مسا یل ا و ر ا سلا م (Record no. 146863)

MARC details
000 -LEADER
fixed length control field 00989nam a22002177a 4500
005 - DATE AND TIME OF LATEST TRANSACTION
control field 20171128161950.0
010 ## - LCCN (DPL NO)
LC control number UR-9841
020 6# - INTERNATIONAL STANDARD BOOK NUMBER
Terms of availability 140.00
035 ## - SYSTEM CONTROL NUMBER
System control number U-8396
037 ## - SOURCE OF ACQUISITION
Source of stock number/acquisition DBAD/PUB
082 ## - DEWEY DECIMAL CLASSIFICATION NUMBER
Classification number 270.320
100 ## - MAIN ENTRY--PERSONAL NAME
Personal name محمد ر ضی ا لا سلا م ند و ی
245 ## - TITLE STATEMENT
Title ا کیسو ی صد ی کے سماجی مسا یل ا و ر ا سلا م
Statement of responsibility, etc محمد ر ضی ا لا سلا م ند و ی
246 ## - VARYING FORM OF TITLE
Remainder of title
Title proper/short title Ekkiswin Sadi Ke Samaji Masael Aur Islam
250 ## - EDITION STATEMENT
Edition statement by Dr. Mohd. Raziul Islam Nadvi
260 ## - PUBLICATION, DISTRIBUTION, ETC. (IMPRINT)
Place of publication, distribution, etc نئی د لی
Name of publisher, distributor, etc Merkazi Maktaba Islami Publishers
Date of publication, distribution, etc 2014
270 ## - ADDRESS
Address D307,Dawat Nagar,Abul Fazal Enclave,Jamia Nagar ,
City New Delhi
Postal code 110025
Telephone number 01126971652
Fax number -
300 ## - PHYSICAL DESCRIPTION
Extent 256ص
Dimensions 22 Cm.(B.b)
500 ## - GENERAL NOTE
General note دو حصہ
942 ## - ADDED ENTRY ELEMENTS (KOHA)
Source of classification or shelving scheme Dewey Decimal Classification
Item type Urdu Bks
Classification part 270.320
Call number suffix م ح م
Edition
Holdings
Withdrawn status Lost status Not for loan Collection code Home library Current library Date acquired Source of acquisition Cost, normal purchase price Full call number Barcode Copy number Cost, replacement price Koha item type
    Not For Loan Non-fiction D.B.Act.Division D.B.Act.Division 26/10/2017 DBAD/PUB. 140.00 270.320 م ح م U-8396 1 140.00 Urdu Bks

© Delhi Public Library
Hit Counter
free hit counter